| 000 | 00669nam a2200193Ia 4500 | ||
|---|---|---|---|
| 003 | GCL | ||
| 008 | 140319s9999 xx 000 0 ara d | ||
| 040 |
_aGCL / _cGCL |
||
| 082 | 0 | 4 |
_a332.4 _bح ن |
| 100 | 1 | _aحمود بن محمد بن على النجيدى | |
| 245 | 1 | 0 |
_aالنظام النقدى المملوكى 648 - 922 هـ \ 9250 - 9250 - 1517 م دراسة تاريخية حضارية / _cحمود بن محمد بن على النجيدى |
| 300 | _a671 ص | ||
| 490 |
_aكتاب _v0 |
||
| 650 | 0 | 4 | _aالاقتصاد |
| 650 | 0 | 4 | _aالنقود |
| 650 | 0 | 4 | _aالنقود المعدنية |
| 650 | 0 | 4 | _aالنقود الاسلامية |
| 942 |
_2ddc _cBK |
||
| 999 |
_c41565 _d41565 |
||